000
00340nam a2200157Ia 4500
008
230711s9999||||xx |||||||||||||| ||und||
041
_a
ENG
082
_a
800
_b
VI-O
100
_a
Virk,Hardev Singh
245
0
_a
Our scientists
250
_a
1st
260
_c
1990
_a
Amritsar
_b
GNDU
300
_a
172
650
_a
Literature
942
_c
BK
999
_c
1579
_d
1579